| 000 | 01081nam a22002537a 4500 | ||
|---|---|---|---|
| 005 | 20170124103046.0 | ||
| 010 | _aB-039056 | ||
| 020 |
_c85.00 _a8186704728 |
||
| 035 | _aB-039056 | ||
| 037 | _bCen Lib/Ret | ||
| 040 |
_aDPL _bHN |
||
| 082 |
_aक _bअब्बास |
||
| 100 |
_aअब्बास खान _968934 |
||
| 245 |
_aगूँजे स्वर बाजे ढोल / _cअब्बास खान |
||
| 246 |
_aGunje swar baje dhol / _bby Abbas Khan |
||
| 260 |
_aदिल्ली _bसमय प्रकाशन _c2000 |
||
| 270 |
_a13-बी, संचार लोक अपार्टमेंट पटपड़गंज डिपो _bदिल्ली _e110092 |
||
| 300 |
_a96पृ. _c21सेमी(सजिल्द ) |
||
| 650 |
_aहिंदी साहित्य _x _z _968935 |
||
| 650 |
_aहिंदी साहित्य--लघु कथाएँ _968936 |
||
| 650 |
_aHindi literature _v _968937 |
||
| 650 |
_aHindi literature--Short Stories _968938 |
||
| 942 |
_2ddc _cHN _hक _mअब्बास |
||
| 999 |
_c116910 _d116910 |
||